[Event "WchT Seniors 50"]
[Site "Rhodes"]
[Date "2019.04.24"]
[Round "9.7"]
[White "Chernik, Dmitry"]
[Black "Homer, Stephen J"]
[Result "1/2-1/2"]
[WhiteElo "1868"]
[BlackElo "2039"]
[PlyCount "158"]
[EventDate "2019.04.16"]
[EventType "team-swiss"]
[EventRounds "9"]
[EventCountry "GRE"]
[SourceTitle "CBM 190 Extra"]
[Source "ChessBase"]
[SourceDate "2019.07.15"]
[SourceVersion "1"]
[SourceVersionDate "2019.07.15"]
[SourceQuality "1"]
[WhiteTeam "Canada"]
[BlackTeam "England II"]
[WhiteTeamCountry "CAN"]
[BlackTeamCountry "ENG"]

1. e4 c5 2. Nc3 Nc6 3. f4 g6 4. Bb5 Nd4 5. Nf3 a6 6. Bc4 Bg7 7. d3 b5 8. Bd5 Rb8 9. Nxd4 cxd4 10. Ne2 e6 11. Bb3 Qh4+ 12. Ng3 Nh6 13. Qf3 Bb7 14. Bd2 0-0 15. 0-0 f5 16. Bb4 Rf7 17. h3 fxe4 18. dxe4 Nf5 19. Be1 Qe7 20. Bf2 Rbf8 21. Qd3 Nxg3 22. Bxg3 Qc5 23. Kh2 Qc6 24. Rf2 Qxe4 25. Qxe4 Bxe4 26. Re2 Bc6 27. Rae1 Rf5 28. Rd1 a5 29. a3 Bd5 30. Bxd5 Rxd5 31. Be1 Rxf4 32. Bxa5 Rdf5 33. c3 Rd5 34. Red2 Kf7 35. g3 Re4 36. Kg2 dxc3 37. Rxd5 exd5 38. bxc3 d4 39. cxd4 Rxd4 40. Re1 Ra4 41. Bb4 Bf6 42. g4 Ra6 43. g5 Bxg5 44. Re5 Bc1 45. Re7+ Kf6 46. Rxd7 Bxa3 47. Bc3+ Ke6 48. Rb7 Rc6 49. Ba5 Rc5 50. Kf3 h5 51. Rb6+ Kf5 52. Rb8 Rd5 53. Ke2 g5 54. Kf3 g4+ 55. hxg4+ hxg4+ 56. Kg2 Re5 57. Rb7 Re2+ 58. Kf1 Rb2 59. Rf7+ Ke4 60. Rg7 Kf3 61. Rf7+ Ke3 62. Rg7 Rf2+ 63. Kg1 Rf4 64. Kg2 Bc5 65. Kg3 Ra4 66. Be1 Bd6+ 67. Kh4 g3+ 68. Kh3 Ra3 69. Rb7 Ke2 70. Rb6 Bf4 71. Bb4 Rf3 72. Rxb5 Kf1 73. Bc5 g2+ 74. Kg4 Rc3 75. Kxf4 Rc4+ 76. Kf3 Rc3+ 77. Kf4 Rxc5 78. Rxc5 g1Q 79. Rc1+ Kg2 1/2-1/2

[Event "Newmarket Aurora Fall op"]
[Site "Newmarket"]
[Date "2018.10.20"]
[Round "2.9"]
[White "Ning, Eric"]
[Black "Chernik, Dmitry"]
[Result "1-0"]
[WhiteElo "1915"]
[BlackElo "2080"]
[PlyCount "85"]
[EventDate "2018.10.20"]
[EventType "swiss"]
[EventRounds "5"]
[EventCountry "CAN"]
[SourceTitle "EXT 2022"]
[Source "ChessBase"]
[SourceDate "2021.10.06"]
[SourceVersion "1"]
[SourceVersionDate "2021.10.06"]
[SourceQuality "1"]

1. d4 d6 2. c4 Nf6 3. Nf3 Nbd7 4. Nc3 c6 5. e4 e5 6. Be2 Be7 7. 0-0 0-0 8. h3 Re8 9. d5 h6 10. a3 Nh7 11. b4 cxd5 12. Nxd5 Ndf6 13. Bd3 Nxd5 14. cxd5 Bg5 15. Nxg5 Nxg5 16. Be3 f5 17. f3 f4 18. Bf2 Rf8 19. Kh2 Qe8 20. Rh1 Qg6 21. Rc1 Rf6 22. Bh4 Qh5 23. Bxg5 Qxg5 24. Qe1 Rg6 25. Qf2 Qd8 26. Rc3 Rg3 27. Rhc1 Bd7 28. Bf1 Rg6 29. b5 Rc8 30. Rxc8 Bxc8 31. Qxa7 Bxh3 32. Kxh3 Qg5 33. Kh2 Qh5+ 34. Kg1 Qxf3 35. Re1 Qc3 36. Qf2 Qxa3 37. b6 h5 38. Rd1 f3 39. Rd3 Rxg2+ 40. Qxg2 Qxd3 41. Qxg7+ Kxg7 42. Bxd3 Kf6 43. Kf2 1-0

[Event "Canadian op U2200"]
[Site "Sault Ste Marie"]
[Date "2017.07.14"]
[Round "7"]
[White "Chernik, Dmitry"]
[Black "Zhao, Ian"]
[Result "0-1"]
[WhiteElo "2041"]
[BlackElo "1930"]
[PlyCount "76"]
[EventDate "2017.07.11"]
[EventType "swiss"]
[EventRounds "9"]
[EventCountry "CAN"]
[SourceTitle "EXT 2022"]
[Source "ChessBase"]
[SourceDate "2021.10.06"]
[SourceVersion "1"]
[SourceVersionDate "2021.10.06"]
[SourceQuality "1"]

1. e4 e5 2. Nf3 Nc6 3. Bc4 Bc5 4. b4 Bxb4 5. c3 Ba5 6. d4 exd4 7. 0-0 d3 8. Qb3 Qe7 9. Ba3 d6 10. e5 Kd8 11. Re1 Bd7 12. Bxf7 Nh6 13. Bd5 Bb6 14. exd6 Qf6 15. Nbd2 Nf5 16. Nc4 Nxd6 17. Nxd6 cxd6 18. Be6 Re8 19. Bxd7 Kxd7 20. Qd5 Kc7 21. Qxd3 g6 22. Red1 Rad8 23. Nd4 Nxd4 24. cxd4 Bxd4 25. Qc2+ Kb8 26. Rab1 Bb6 27. Rbc1 Rf8 28. Rd2 Rfe8 29. Rcd1 d5 30. h3 d4 31. Rd3 Qe5 32. Bb2 Rd7 33. Re3 Qh8 34. Qd3 Rxe3 35. fxe3 dxe3 36. Bxh8 Rxd3 37. Be5+ Ka8 38. Rc1 Rd1+ 0-1

[Event "Canadian op"]
[Site "Windsor"]
[Date "2016.07.16"]
[Round "7"]
[White "Doknjas, Joshua"]
[Black "Chernik, Dmitry"]
[Result "1-0"]
[WhiteElo "2131"]
[BlackElo "1901"]
[PlyCount "43"]
[EventDate "2016.07.10"]
[EventType "swiss"]
[EventRounds "9"]
[EventCountry "CAN"]
[SourceTitle "EXT 2017"]
[Source "ChessBase"]
[SourceDate "2016.10.25"]
[SourceVersion "1"]
[SourceVersionDate "2016.10.25"]
[SourceQuality "1"]

1. e4 d6 2. d4 Nf6 3. Nc3 e5 4. Nf3 Nbd7 5. Bc4 Be7 6. a4 a5 7. Ng5 0-0 8. Bxf7+ Rxf7 9. Ne6 Qe8 10. Nxc7 Qd8 11. Nxa8 b6 12. Nb5 Nxe4 13. 0-0 Bg5 14. f3 Bxc1 15. Rxc1 Ng5 16. dxe5 dxe5 17. Qd5 Qf6 18. Nd6 Nf8 19. Nxf7 Be6 20. Qxe5 Nh3+ 21. gxh3 Qxf7 22. Qg3 1-0

[Event "Canadian op"]
[Site "Windsor"]
[Date "2016.07.15"]
[Round "6"]
[White "Chernik, Dmitry"]
[Black "Chehayeb, Salah"]
[Result "1-0"]
[WhiteElo "1901"]
[BlackElo "2023"]
[PlyCount "69"]
[EventDate "2016.07.10"]
[EventType "swiss"]
[EventRounds "9"]
[EventCountry "CAN"]
[SourceTitle "EXT 2017"]
[Source "ChessBase"]
[SourceDate "2016.10.25"]
[SourceVersion "1"]
[SourceVersionDate "2016.10.25"]
[SourceQuality "1"]

1. e4 c5 2. Nc3 Nc6 3. f4 e6 4. Nf3 d5 5. exd5 exd5 6. Bb5 a6 7. Qe2+ Be7 8. Bxc6+ bxc6 9. 0-0 Nf6 10. Re1 Ra7 11. d3 0-0 12. b3 Re8 13. Ba3 Qa5 14. Na4 h6 15. Ne5 Bd7 16. Qf2 d4 17. Nc4 Qb5 18. Rxe7 Rxe7 19. Bxc5 Be6 20. Bxa7 Rxa7 21. Qxd4 Rd7 22. Qc5 Qb8 23. Ne5 Rd5 24. Qb6 Qf8 25. Qxc6 g5 26. Rf1 gxf4 27. Ng6 Qg7 28. Qa8+ Kh7 29. Nf8+ Qxf8 30. Qxf8 Rg5 31. Rxf4 Nh5 32. Rxf7+ Ng7 33. Nc3 Bh3 34. Rxg7+ Rxg7 35. Qxg7+ 1-0

[Event "Canadian op"]
[Site "Windsor"]
[Date "2016.07.14"]
[Round "5"]
[White "D'Amore, Tyler"]
[Black "Chernik, Dmitry"]
[Result "0-1"]
[WhiteElo "1840"]
[BlackElo "1901"]
[PlyCount "92"]
[EventDate "2016.07.10"]
[EventType "swiss"]
[EventRounds "9"]
[EventCountry "CAN"]
[SourceTitle "EXT 2017"]
[Source "ChessBase"]
[SourceDate "2016.10.25"]
[SourceVersion "1"]
[SourceVersionDate "2016.10.25"]
[SourceQuality "1"]

1. e4 c5 2. Nf3 Nc6 3. Bb5 Nd4 4. Nxd4 cxd4 5. 0-0 e6 6. d3 a6 7. Ba4 b5 8. Bb3 Bb7 9. Nd2 Qc7 10. Qe2 Nf6 11. f4 Bc5 12. Nf3 Nxe4 13. Kh1 Nf6 14. Ne5 d6 15. Ng4 Nxg4 16. Qxg4 0-0-0 17. c3 h5 18. Qh3 h4 19. cxd4 Bxd4 20. Be3 Qb6 21. Rfc1+ Kb8 22. Bxd4 Qxd4 23. a4 Rc8 24. Rcb1 b4 25. a5 Rh6 26. Bd1 Rg6 27. Bf3 Rc2 28. Bxb7 Kxb7 29. Qf3+ d5 30. f5 Rgxg2 31. Qxg2 Rxg2 32. Kxg2 Qg4+ 33. Kf1 Qf3+ 34. Ke1 Qe3+ 35. Kf1 Qxd3+ 36. Ke1 Qc2 37. fxe6 fxe6 38. Rc1 Qxh2 39. Ra4 Qxb2 40. Raa1 b3 41. Rab1 Qe5+ 42. Kf1 Qe3 43. Re1 Qf3+ 44. Kg1 h3 45. Re2 Qxe2 46. Rxb3+ Kc7 0-1

[Event "Canadian op"]
[Site "Windsor"]
[Date "2016.07.10"]
[Round "1"]
[White "Chernik, Dmitry"]
[Black "Doknjas, John"]
[Result "0-1"]
[WhiteElo "1901"]
[BlackElo "2133"]
[PlyCount "72"]
[EventDate "2016.07.10"]
[EventType "swiss"]
[EventRounds "9"]
[EventCountry "CAN"]
[SourceTitle "EXT 2017"]
[Source "ChessBase"]
[SourceDate "2016.10.25"]
[SourceVersion "1"]
[SourceVersionDate "2016.10.25"]
[SourceQuality "1"]

1. e4 c5 2. Nc3 a6 3. f4 b5 4. Nf3 Bb7 5. d3 e6 6. g3 d5 7. e5 h5 8. Bg2 Nh6 9. Qe2 Be7 10. Bd2 Nc6 11. Nd1 Qb6 12. c3 b4 13. Ne3 a5 14. c4 Nd4 15. Nxd4 cxd4 16. Nd1 dxc4 17. Bxb7 Qxb7 18. 0-0 c3 19. bxc3 dxc3 20. Nxc3 bxc3 21. Bxc3 Nf5 22. d4 0-0 23. Rab1 Qa7 24. Qxh5 Nxd4 25. Bxd4 Qxd4+ 26. Kg2 Qd5+ 27. Kh3 g6 28. Qh6 Rfb8 29. Rbd1 Qxa2 30. Rd7 Rb2 31. Rh1 Bf8 32. Qg5 Bg7 33. Qe7 Rf8 34. Qc5 Qa4 35. Rd4 Qb3 36. Qxa5 Qf3 0-1

[Event "Aurora Fall op"]
[Site "Aurora "]
[Date "2015.10.04"]
[Round "5.6"]
[White "Chernik, Dmitry"]
[Black "Issani, Nameer"]
[Result "1-0"]
[WhiteElo "2118"]
[BlackElo "2025"]
[PlyCount "61"]
[EventDate "2015.10.03"]
[EventType "swiss"]
[EventRounds "5"]
[EventCountry "CAN"]
[SourceTitle "EXT 2019"]
[Source "ChessBase"]
[SourceDate "2018.10.10"]
[SourceVersion "1"]
[SourceVersionDate "2018.10.10"]
[SourceQuality "1"]

1. e4 e5 2. Nf3 Nc6 3. Bb5 a6 4. Bxc6 dxc6 5. d4 exd4 6. Qxd4 Qxd4 7. Nxd4 Nf6 8. f3 Bd6 9. 0-0 0-0 10. Be3 Rd8 11. Nd2 c5 12. N4b3 b6 13. Nc4 Be6 14. Nbd2 b5 15. Na5 c4 16. Nc6 Re8 17. Nd4 Bd7 18. Rad1 Rad8 19. Bg5 h6 20. Bh4 g5 21. Bg3 Nh5 22. Bxd6 cxd6 23. Rfe1 Ng7 24. Kf2 f5 25. exf5 Nxf5 26. Ne4 Kg7 27. Nxf5+ Bxf5 28. Nxd6 Rf8 29. Nxf5+ Kg6 30. Rxd8 Rxd8 31. g4 1-0

[Event "Aurora Fall op"]
[Site "Aurora "]
[Date "2015.10.03"]
[Round "1.1"]
[White "Plotkin, Victor"]
[Black "Chernik, Dmitry"]
[Result "1-0"]
[WhiteElo "2406"]
[BlackElo "2118"]
[PlyCount "105"]
[EventDate "2015.10.03"]
[EventType "swiss"]
[EventRounds "5"]
[EventCountry "CAN"]
[SourceTitle "EXT 2019"]
[Source "ChessBase"]
[SourceDate "2018.10.10"]
[SourceVersion "1"]
[SourceVersionDate "2018.10.10"]
[SourceQuality "1"]

1. e4 d6 2. d4 Nf6 3. Nc3 e5 4. Nf3 Nbd7 5. Bc4 Be7 6. 0-0 0-0 7. a4 a5 8. Re1 c6 9. h3 h6 10. Be3 Qc7 11. Bb3 Re8 12. Nh4 exd4 13. Qxd4 Nc5 14. Ba2 Be6 15. Bxe6 Nxe6 16. Qc4 Ng4 17. Nf5 d5 18. exd5 Qh2+ 19. Kf1 Nxe3+ 20. fxe3 cxd5 21. Nxe7+ Rxe7 22. Nxd5 Rd7 23. Rad1 Rad8 24. Rd3 Kh8 25. Red1 Ng5 26. Qf4 Qxf4+ 27. exf4 Ne6 28. c4 Nc5 29. Ra3 f5 30. Re1 Ne4 31. Kg1 g6 32. Ree3 Kg7 33. b3 Kf7 34. Ra2 Nf6 35. Nxf6 Kxf6 36. Rae2 Rd6 37. Re7 R8d7 38. Rxd7 Rxd7 39. Re5 b6 40. Rb5 Rd6 41. Kf2 Ke6 42. Ke3 Kd7 43. Rd5 Kc6 44. Rxd6+ Kxd6 45. Kd4 g5 46. g3 g4 47. h4 h5 48. Kd3 Kc6 49. Kc3 Kc5 50. b4+ axb4+ 51. Kb3 Kd6 52. Kxb4 Kc6 53. c5 1-0

[Event "CAN-ch Seniors 50+"]
[Site "Kitchener"]
[Date "2015.08.03"]
[Round "7"]
[White "Cummings, David H"]
[Black "Chernik, Dmitry"]
[Result "1-0"]
[WhiteElo "2428"]
[BlackElo "2079"]
[PlyCount "69"]
[EventDate "2015.07.31"]
[EventType "swiss"]
[EventRounds "7"]
[EventCountry "CAN"]
[SourceTitle "EXT 2022"]
[Source "ChessBase"]
[SourceDate "2021.10.06"]
[SourceVersion "1"]
[SourceVersionDate "2021.10.06"]
[SourceQuality "1"]

1. d4 d6 2. c4 e5 3. Nc3 Be7 4. Nf3 Nd7 5. e4 Ngf6 6. Be2 0-0 7. 0-0 c6 8. Re1 Qc7 9. Bf1 Re8 10. d5 Nf8 11. Rb1 a6 12. h3 Bd7 13. Be3 c5 14. Nd2 Ng6 15. g3 Qc8 16. Kh2 h6 17. b4 cxb4 18. Rxb4 b5 19. Qc1 a5 20. Rb1 b4 21. Nb5 h5 22. a3 Bxb5 23. cxb5 Qxc1 24. Rexc1 Rec8 25. Rc6 bxa3 26. Ra1 Bd8 27. Rxa3 Ne7 28. Rxd6 Nexd5 29. Rxd5 Nxd5 30. exd5 Be7 31. Ra4 Bb4 32. Nc4 Bc5 33. b6 Rab8 34. Rxa5 Bb4 35. Rb5 1-0

[Event "CAN-ch Seniors 50+"]
[Site "Kitchener"]
[Date "2015.08.03"]
[Round "6"]
[White "Dougherty, Michael J"]
[Black "Chernik, Dmitry"]
[Result "1-0"]
[WhiteElo "2268"]
[BlackElo "2079"]
[PlyCount "91"]
[EventDate "2015.07.31"]
[EventType "swiss"]
[EventRounds "7"]
[EventCountry "CAN"]
[SourceTitle "EXT 2022"]
[Source "ChessBase"]
[SourceDate "2021.10.06"]
[SourceVersion "1"]
[SourceVersionDate "2021.10.06"]
[SourceQuality "1"]

1. b3 Nf6 2. Bb2 d5 3. e3 Bg4 4. f3 Bd7 5. f4 Nc6 6. Nf3 Bg4 7. Bb5 a6 8. Bxc6+ bxc6 9. h3 Bxf3 10. Qxf3 e6 11. 0-0 Bd6 12. d3 Qe7 13. Nd2 Ba3 14. Be5 Bd6 15. Qg3 Bxe5 16. fxe5 Nh5 17. Qf3 g6 18. g4 Ng7 19. Qf6 Kf8 20. Nf3 h6 21. c4 Rh7 22. Rac1 Ne8 23. Qf4 g5 24. Qg3 a5 25. c5 Kg8 26. Nd4 Ra6 27. a3 Qd7 28. Rf2 Qe7 29. b4 axb4 30. axb4 Qd7 31. Qg2 Ra3 32. Qf1 Ra4 33. Rb1 Ng7 34. Qd1 Ra8 35. Ra1 Rf8 36. Qa4 h5 37. Qxc6 Qxc6 38. Nxc6 hxg4 39. hxg4 Rh3 40. Ne7+ Kh7 41. Rh2 Rxh2 42. Kxh2 f5 43. Kg3 Ne8 44. gxf5 exf5 45. Nxd5 c6 46. Ne7 1-0

[Event "Aurora Summer op"]
[Site "Aurora "]
[Date "2015.07.05"]
[Round "5.1"]
[White "Noritsyn, Sergey"]
[Black "Chernik, Dmitry"]
[Result "1-0"]
[WhiteElo "2025"]
[BlackElo "1910"]
[PlyCount "97"]
[EventDate "2015.07.04"]
[EventType "swiss"]
[EventRounds "5"]
[EventCountry "CAN"]
[SourceTitle "EXT 2019"]
[Source "ChessBase"]
[SourceDate "2018.10.10"]
[SourceVersion "1"]
[SourceVersionDate "2018.10.10"]
[SourceQuality "1"]

1. e4 d6 2. d4 Nf6 3. Nc3 e5 4. f4 Bg4 5. Be2 exd4 6. Qxd4 Bxe2 7. Ngxe2 Nc6 8. Qd1 Be7 9. 0-0 0-0 10. Nd4 Nxd4 11. Qxd4 Qd7 12. b3 Qc6 13. Bb2 Qb6 14. Qxb6 axb6 15. a4 Rfe8 16. h3 Bf8 17. Rfe1 c6 18. Rad1 Nh5 19. Bc1 h6 20. Be3 d5 21. Bxb6 Bb4 22. Re3 Ra6 23. a5 Rxb6 24. axb6 Bc5 25. Kf2 Bxb6 26. Kf3 Bxe3 27. Kxe3 g5 28. Kf3 gxf4 29. Rd3 dxe4+ 30. Nxe4 Kf8 31. Nd6 Re3+ 32. Rxe3 fxe3 33. Kxe3 b5 34. Nf5 Nf6 35. Nxh6 Ke7 36. Kd4 Nd7 37. Nf5+ Ke6 38. Ne3 c5+ 39. Ke4 Nf6+ 40. Kf4 Nh5+ 41. Kg4 Nf6+ 42. Kf3 Nd7 43. Kf4 Ne5 44. g4 f6 45. Ke4 Ng6 46. Nd5 b4 47. Nf4+ Kf7 48. Nxg6 Kxg6 49. h4 1-0

[Event "Aurora Fall op"]
[Site "Aurora"]
[Date "2014.10.05"]
[Round "5"]
[White "Chernik, Dmitry"]
[Black "Hua, Eugene"]
[Result "0-1"]
[WhiteElo "1902"]
[BlackElo "1812"]
[PlyCount "78"]
[EventDate "2014.10.04"]
[EventType "swiss"]
[EventRounds "5"]
[EventCountry "CAN"]
[SourceTitle "CBM 162 Extra"]
[Source "ChessBase"]
[SourceDate "2014.10.17"]
[SourceVersion "1"]
[SourceVersionDate "2014.10.17"]
[SourceQuality "1"]

1. e4 d5 2. exd5 Qxd5 3. Nc3 Qd6 4. d4 Nf6 5. Nf3 a6 6. h3 b5 7. Bd3 Bb7 8. Be3 e6 9. Qd2 Be7 10. 0-0-0 h6 11. Bf4 Qb6 12. Be5 Nbd7 13. Rhe1 Nxe5 14. dxe5 Nd5 15. Nxd5 Bxd5 16. Be4 Rd8 17. Bxd5 Rxd5 18. Qe2 c6 19. Rxd5 cxd5 20. Nd2 0-0 21. Kb1 a5 22. f4 Rc8 23. g4 Qc5 24. Qd3 a4 25. Rf1 a3 26. f5 Qb4 27. Nb3 Qc4 28. Rf3 axb2 29. Kxb2 Qc7 30. fxe6 Qxe5+ 31. Nd4 Bf6 32. exf7+ Kxf7 33. Rf5 Qd6 34. Qb3 Rc4 35. c3 b4 36. Nb5 bxc3+ 37. Qxc3 Qh2+ 38. Kb3 Rxc3+ 39. Nxc3 Qxh3 0-1

[Event "Aurora Fall op"]
[Site "Aurora"]
[Date "2014.10.05"]
[Round "4"]
[White "Noritsyn, Sergey"]
[Black "Chernik, Dmitry"]
[Result "0-1"]
[WhiteElo "1948"]
[BlackElo "1902"]
[PlyCount "90"]
[EventDate "2014.10.04"]
[EventType "swiss"]
[EventRounds "5"]
[EventCountry "CAN"]
[SourceTitle "CBM 162 Extra"]
[Source "ChessBase"]
[SourceDate "2014.10.17"]
[SourceVersion "1"]
[SourceVersionDate "2014.10.17"]
[SourceQuality "1"]

1. e4 d6 2. d4 Nf6 3. Nc3 e5 4. dxe5 dxe5 5. Bd3 Be7 6. Nf3 Bg4 7. h3 Bxf3 8. Qxf3 c6 9. 0-0 0-0 10. Qe2 Nbd7 11. f4 Re8 12. g4 Nc5 13. fxe5 Nxd3 14. cxd3 Bc5+ 15. Kg2 Nd7 16. Be3 Bxe3 17. Qxe3 Nxe5 18. d4 Ng6 19. Rad1 Qc7 20. Qf2 Rad8 21. h4 Qd7 22. Qg3 b5 23. h5 Nf8 24. a3 a5 25. d5 b4 26. axb4 axb4 27. dxc6 Qxc6 28. Rxd8 Rxd8 29. Qf4 f6 30. Nd5 Qe6 31. Rf2 h6 32. Rd2 Rc8 33. Kg3 Rc4 34. Kf3 Nd7 35. b3 Ne5+ 36. Kg2 Rc1 37. Ne3 Rc3 38. Nf5 Rf3 39. Rd8+ Kh7 40. Qd2 Qxb3 41. Nd4 Rg3+ 42. Kf2 Nxg4+ 43. Kf1 Qb1+ 44. Ke2 Rg2+ 45. Kf3 Qf1+ 0-1

[Event "Aurora Summer op"]
[Site "Aurora"]
[Date "2014.07.05"]
[Round "1.7"]
[White "Chernik, Dmitry"]
[Black "Ivanov, Mike"]
[Result "0-1"]
[WhiteElo "2032"]
[BlackElo "2303"]
[PlyCount "136"]
[EventDate "2014.07.05"]
[EventType "swiss"]
[EventRounds "5"]
[EventCountry "CAN"]
[SourceTitle "EXT 2022"]
[Source "ChessBase"]
[SourceDate "2021.10.06"]
[SourceVersion "1"]
[SourceVersionDate "2021.10.06"]
[SourceQuality "1"]

1. e4 d5 2. exd5 Nf6 3. Bb5+ Nbd7 4. c4 a6 5. Ba4 g6 6. d4 Bg7 7. Ne2 0-0 8. Nbc3 b5 9. cxb5 Nb6 10. bxa6 Nxa4 11. Qxa4 Bxa6 12. Qc2 Nxd5 13. Nxd5 Qxd5 14. 0-0 Rfb8 15. Rd1 Bc4 16. Be3 Bxe2 17. Qxe2 Rxa2 18. Rxa2 Qxa2 19. Qc2 Rb7 20. Rb1 h5 21. g3 h4 22. gxh4 Qd5 23. Qc5 Qe4 24. Rc1 Qg4+ 25. Kh1 Qe4+ 26. Kg1 Rxb2 27. Qxc7 Qxh4 28. Qg3 Qh5 29. Rc8+ Bf8 30. Qf4 Qh3 31. Rc1 Rb5 32. Qg3 Qf5 33. Qf4 Qe6 34. Rc5 Rb1+ 35. Kg2 Qa6 36. Rc1 Rxc1 37. Bxc1 Qc6+ 38. Kh3 Bg7 39. Be3 Qd5 40. Qb8+ Kh7 41. Qf4 Bf6 42. Kg3 Kg7 43. Qh6+ Kg8 44. Qf4 Bg7 45. Qg4 Qd6+ 46. Kg2 f5 47. Qg3 Qf6 48. Qb8+ Kh7 49. Qg3 e6 50. Qh3+ Kg8 51. Qg3 Bf8 52. Qc7 g5 53. Qe5 Bg7 54. f4 gxf4 55. Qxf4 Qg6+ 56. Qg3 Qh5 57. Qf3 Qh4 58. d5 Qe7 59. dxe6 Qxe6 60. Bf4 Qg6+ 61. Qg3 Qh5 62. Be5 Qe2+ 63. Kh3 Qxe5 64. Qg6 Qf4 65. Kg2 Kf8 66. h4 Qe4+ 67. Kf1 Qf3+ 68. Kg1 Qg4+ 0-1

[Event "Canadian op 50th"]
[Site "Ottawa"]
[Date "2013.07.19"]
[Round "8"]
[White "Chernik, Dmitry"]
[Black "Ivanov, Mike"]
[Result "0-1"]
[WhiteElo "1918"]
[BlackElo "2052"]
[PlyCount "52"]
[EventDate "2013.07.13"]
[EventType "swiss"]
[EventRounds "9"]
[EventCountry "CAN"]
[SourceTitle "CBM 155 Extra"]
[Source "ChessBase"]
[SourceDate "2013.08.26"]
[SourceVersion "1"]
[SourceVersionDate "2013.08.26"]
[SourceQuality "1"]

1. e4 d5 2. exd5 Nf6 3. Bb5+ Bd7 4. Bc4 Bg4 5. f3 Bf5 6. Nc3 Nbd7 7. d4 Nb6 8. Bb3 Nfxd5 9. Nxd5 Nxd5 10. Ne2 e6 11. Nf4 Bd6 12. Nxd5 exd5 13. Qe2+ Be6 14. Be3 0-0 15. 0-0-0 a5 16. a3 a4 17. Ba2 Qe7 18. Qd3 b5 19. c3 Rab8 20. Bd2 Bxa3 21. bxa3 Qxa3+ 22. Kb1 b4 23. Bc1 bxc3+ 24. Ka1 Rb2 25. Qb1 Rxb1+ 26. Kxb1 Rb8+ 0-1

[Event "Canadian op 50th"]
[Site "Ottawa"]
[Date "2013.07.15"]
[Round "4"]
[White "Kiewra, Keaton F"]
[Black "Chernik, Dmitry"]
[Result "1-0"]
[WhiteElo "2422"]
[BlackElo "1922"]
[PlyCount "47"]
[EventDate "2013.07.13"]
[EventType "swiss"]
[EventRounds "9"]
[EventCountry "CAN"]
[SourceTitle "CBM 155 Extra"]
[Source "ChessBase"]
[SourceDate "2013.08.26"]
[SourceVersion "1"]
[SourceVersionDate "2013.08.26"]
[SourceQuality "1"]

1. d4 Nf6 2. c4 g6 3. g3 Bg7 4. Bg2 d6 5. Nc3 0-0 6. e4 e5 7. Nge2 Re8 8. d5 Na6 9. 0-0 Bd7 10. h3 Re7 11. Bg5 h6 12. Be3 Qe8 13. Qd2 Kh7 14. Rab1 Rb8 15. Bxa7 Rd8 16. Be3 b5 17. cxb5 Bxb5 18. Nxb5 Qxb5 19. Nc3 Qb4 20. Rfe1 Ra8 21. Qc2 h5 22. a3 Qa5 23. b4 Qxa3 24. Rb3 1-0

[Event "Toronto Willowdale CC ch"]
[Site "Toronto"]
[Date "2012.02.07"]
[Round "1"]
[White "Chernik, Dmitry"]
[Black "Zeromskis, Egidijus"]
[Result "1-0"]
[WhiteElo "2026"]
[BlackElo "2247"]
[PlyCount "106"]
[EventDate "2012.02.07"]
[EventType "tourn"]
[EventRounds "5"]
[EventCountry "CAN"]
[SourceTitle "EXT 2022"]
[Source "ChessBase"]
[SourceDate "2021.10.06"]
[SourceVersion "1"]
[SourceVersionDate "2021.10.06"]
[SourceQuality "1"]

1. e4 g6 2. d4 Bg7 3. Be3 d6 4. h3 b6 5. Bd3 c5 6. c3 Bb7 7. Ne2 Nf6 8. f3 Nbd7 9. Na3 a6 10. Qd2 b5 11. dxc5 dxc5 12. Rd1 Qc7 13. Bf4 e5 14. Bh6 0-0 15. Bxg7 Kxg7 16. c4 b4 17. Nc2 Rad8 18. Ne3 Nb8 19. Ng3 Ng8 20. b3 a5 21. Nd5 Qd6 22. 0-0 Nc6 23. Ne2 f6 24. Qe3 Nd4 25. Nxd4 exd4 26. Qf4 Qxf4 27. Nxf4 Rfe8 28. Nd5 Nh6 29. a3 Bxd5 30. cxd5 Rb8 31. a4 Nf7 32. Rc1 Rbc8 33. Rfe1 Nd6 34. Rc2 c4 35. Bxc4 Rc5 36. Rd1 f5 37. exf5 Nxf5 38. Bd3 Rxc2 39. Bxc2 Ne3 40. Rd2 Rc8 41. Be4 Kf6 42. Rxd4 Ke5 43. Rd2 Kd6 44. Kf2 Nf5 45. Bxf5 gxf5 46. Ke3 Rc3+ 47. Rd3 Rc2 48. g4 Rh2 49. Kf4 Rxh3 50. Kxf5 Rh1 51. g5 Rc1 52. f4 Rc3 53. Ke4 Rc1 1-0

[Event "Canadian op 48th"]
[Site "Toronto"]
[Date "2011.07.17"]
[Round "9"]
[White "Birarov, Vladimir"]
[Black "Chernik, Dmitry"]
[Result "1/2-1/2"]
[WhiteElo "2267"]
[BlackElo "1897"]
[PlyCount "113"]
[EventDate "2011.07.09"]
[EventType "swiss"]
[EventRounds "9"]
[EventCountry "CAN"]
[SourceTitle "EXT 2022"]
[Source "ChessBase"]
[SourceDate "2021.10.06"]
[SourceVersion "1"]
[SourceVersionDate "2021.10.06"]
[SourceQuality "1"]

1. d4 Nf6 2. c4 g6 3. Nc3 d5 4. Bg5 Ne4 5. Bh4 Nxc3 6. bxc3 Bg7 7. e3 c5 8. Nf3 Nc6 9. Be2 dxc4 10. Bxc4 cxd4 11. cxd4 Qa5+ 12. Nd2 0-0 13. 0-0 Bf5 14. Nb3 Qb4 15. Qe2 Rac8 16. Rfc1 Na5 17. a3 Qb6 18. Nxa5 Qxa5 19. Bxe7 Rfe8 20. Bb4 Qb6 21. Qa2 Qc7 22. Rc3 a5 23. Bb5 Qb6 24. Bxe8 Rxe8 25. Bc5 Qc6 26. Qb3 Be4 27. Bb6 a4 28. Qb4 Qe6 29. f3 Bc6 30. Rd1 Qa2 31. Rcd3 Rc8 32. Bc5 Bd5 33. Qxa4 Bh6 34. e4 Bc4 35. Rc3 Be2 36. Re1 Qd2 37. Rcc1 Be3+ 38. Kh1 Bf2 39. Red1 Bxd1 40. Qxd1 Qh6 41. Rb1 Qg5 42. g3 h5 43. f4 Qd8 44. Kg2 Be3 45. Kf3 Bg1 46. Qxg1 Rxc5 47. dxc5 Qd3+ 48. Kg2 Qe2+ 49. Qf2 Qxe4+ 50. Kh3 Qf5+ 51. Kg2 Qe4+ 52. Qf3 Qc2+ 53. Kh3 Qf5+ 54. g4 hxg4+ 55. Qxg4 Qxb1 56. Qf3 Qf5+ 57. Kg2 1/2-1/2

[Event "Canadian op 48th"]
[Site "Toronto"]
[Date "2011.07.15"]
[Round "7"]
[White "Chernik, Dmitry"]
[Black "Campbell, Brett"]
[Result "0-1"]
[WhiteElo "1897"]
[BlackElo "2246"]
[PlyCount "50"]
[EventDate "2011.07.09"]
[EventType "swiss"]
[EventRounds "9"]
[EventCountry "CAN"]
[SourceTitle "EXT 2022"]
[Source "ChessBase"]
[SourceDate "2021.10.06"]
[SourceVersion "1"]
[SourceVersionDate "2021.10.06"]
[SourceQuality "1"]

1. e4 g6 2. d4 Bg7 3. Be3 d6 4. Bd3 c5 5. c3 cxd4 6. Bxd4 Nf6 7. Ne2 Nc6 8. Be3 d5 9. Nd2 0-0 10. 0-0 Ng4 11. Bf4 e5 12. Bg3 dxe4 13. Bxe4 f5 14. Bxc6 bxc6 15. f3 Ne3 16. Qb3+ Kh8 17. Rfd1 Nxd1 18. Rxd1 Qb6+ 19. Qxb6 axb6 20. Nc4 Ba6 21. b3 Bxc4 22. bxc4 Rxa2 23. Kf2 Bf6 24. f4 exf4 25. Bxf4 Re8 0-1

[Event "Toronto Reserves"]
[Site "Toronto"]
[Date "2011.03.06"]
[Round "5"]
[White "Chernik, Dmitry"]
[Black "Zeromskis, Egidijus"]
[Result "0-1"]
[WhiteElo "1888"]
[BlackElo "2213"]
[PlyCount "58"]
[EventDate "2011.01.23"]
[EventType "tourn"]
[EventRounds "4"]
[EventCountry "CAN"]
[SourceTitle "EXT 2022"]
[Source "ChessBase"]
[SourceDate "2021.10.06"]
[SourceVersion "1"]
[SourceVersionDate "2021.10.06"]
[SourceQuality "1"]

1. e4 g6 2. d4 Bg7 3. Be3 d6 4. Bd3 c6 5. Ne2 b5 6. c3 Na6 7. d5 Nc7 8. dxc6 e5 9. a4 bxa4 10. Rxa4 a6 11. Bc4 Ne7 12. Bd5 f5 13. f3 fxe4 14. fxe4 Nexd5 15. exd5 0-0 16. Qd2 Qf6 17. Ng3 Bf5 18. Rf1 Rab8 19. b4 Qh4 20. Bg5 Qxh2 21. Nxf5 Rxf5 22. Rxf5 gxf5 23. Qf2 Qh1+ 24. Qf1 Qh5 25. Be7 Qg6 26. Rxa6 Qg3+ 27. Kd2 Nxa6 28. Qxa6 Qxg2+ 29. Qe2 Qxd5+ 0-1